[Event "Chess Super League 2021"]
[Site "Online"]
[Date "2021.10.11"]
[Round "1.3"]
[White "Dzagnidze, Nana"]
[Black "Kosteniuk, Alexandra"]
[Result "0-1"]
[WhiteElo "2524"]
[BlackElo "2518"]
[Annotator "ChessBase"]
[PlyCount "126"]
[EventDate "2021.10.11"]
[EventType "team-tourn"]
[EventCountry "NET"]
[SourceTitle "playchess.com"]
[Source "ChessBase"]
[SourceQuality "1"]
[TimeControl "900+10"]

1. Nf3 {[%emt 0:00:12]} d5 {[%emt 0:00:13]} 2. g3 {[%emt 0:00:03]} c6 {[%emt 0:00:03]} 3. Bg2 {[%emt 0:00:08]} Bg4 {[%emt 0:00:02]} 4. O-O {[%emt 0:00:17]} Nd7 {[%emt 0:00:07]} 5. h3 {[%emt 0:00:01]} Bh5 {[%emt 0:00:35]} 6. d4 {[%emt 0:00:06]} e6 {[%emt 0:00:08]} 7. c4 {[%emt 0:00:48]} Ngf6 {[%emt 0:00:05]} 8. cxd5 {[%emt 0:00:54]} exd5 {[%emt 0:00:03]} 9. Qb3 {[%emt 0:00:02]} Qb6 {[%emt 0:00:03]} 10. Qe3+ {[%emt 0:00:03]} Be7 {[%emt 0:00:01]} 11. Nh4 {[%emt 0:00:08]} Bg6 {[%emt 0:00:03]} 12. Nc3 {[%emt 0:00:29]} Nf8 {[%emt 0:00:03]} 13. f4 {[%emt 0:01:24]} Bc2 {[%emt 0:00:02]} 14. f5 {[%emt 0:01:18]} N8d7 {[%emt 0:01:23]} 15. g4 {[%emt 0:01:03]} h6 {[%emt 0:00:52]} 16. b3 {[%emt 0:01:21]} O-O {[%emt 0:00:39]} 17. Qd2 {[%emt 0:01:34]} Ne4 {[%emt 0:00:40]} 18. Nxe4 {[%emt 0:01:43]} Bxe4 {[%emt 0:00:02]} 19. Nf3 {[%emt 0:00:01]} Bb4 {[%emt 0:01:41]} 20. Qb2 {[%emt 0:00:03]} Rfe8 {[%emt 0:00:09]} 21. Bf4 {[%emt 0:00:39]} Qa5 {[%emt 0:00:26]} 22. Rad1 {[%emt 0:00:12]} Ba3 {[%emt 0:00:46]} 23. Qd2 {[%emt 0:00:08]} Qxd2 {[%emt 0:00:11]} 24. Rxd2 {[%emt 0:00:27]} Bb4 {[%emt 0:00:02]} 25. Rdd1 {[%emt 0:00:01]} Bc2 {[%emt 0:00:02]} 26. Rc1 {[%emt 0:00:01]} Rxe2 {[%emt 0:00:17]} 27. Rf2 {[%emt 0:00:02]} Rxf2 {[%emt 0:00:08]} 28. Kxf2 {[%emt 0:00:00]} Be4 {[%emt 0:00:05]} 29. Ne5 {[%emt 0:00:03]} Nf6 {[%emt 0:00:35]} 30. Bf1 {[%emt 0:00:04]} Ba3 {[%emt 0:00:13]} 31. Re1 {[%emt 0:00:21]} Bb2 {[%emt 0:00:11]} 32. Be3 {[%emt 0:00:06]} c5 {[%emt 0:00:12]} 33. Nf3 {[%emt 0:00:10]} Bxf3 {[%emt 0:00:49]} 34. Kxf3 {[%emt 0:00:00]} cxd4 {[%emt 0:00:13]} 35. Bf4 {[%emt 0:01:02]} Ne4 {[%emt 0:01:11]} 36. Bd3 {[%emt 0:00:38]} Nc5 {[%emt 0:00:08]} 37. Bf1 {[%emt 0:00:01]} Ne4 {[%emt 0:00:37]} 38. Bd3 {[%emt 0:00:04]} Bc3 {[%emt 0:00:01]} 39. Re2 {[%emt 0:00:57]} Nc5 {[%emt 0:00:07]} 40. Bb1 {[%emt 0:00:02]} d3 {[%emt 0:01:17]} 41. Re7 {[%emt 0:00:05]} b6 {[%emt 0:00:03]} 42. Be3 {[%emt 0:01:35]} Bf6 {[%emt 0:01:35]} 43. Rc7 {[%emt 0:01:24]} Re8 {[%emt 0:00:35]} 44. b4 {[%emt 0:01:52]} d4 {[%emt 0:00:59]} 45. Bf4 {[%emt 0:00:08]} Na6 {[%emt 0:01:21]} 46. Rc1 {[%emt 0:00:26]} Nxb4 {[%emt 0:00:14]} 47. Rd1 {[%emt 0:00:07]} Bg5 {[%emt 0:00:41]} 48. a3 {[%emt 0:00:38]} Nc2 {[%emt 0:00:12]} 49. Kg3 {[%emt 0:00:01]} Bxf4+ {[%emt 0:00:21]} 50. Kxf4 {[%emt 0:00:01]} Re3 {[%emt 0:00:12]} 51. h4 {[%emt 0:00:01]} Kf8 {[%emt 0:00:15]} 52. g5 {[%emt 0:00:02]} hxg5+ {[%emt 0:00:03]} 53. hxg5 {[%emt 0:00:01]} Ke7 {[%emt 0:00:04]} 54. Rd2 {[%emt 0:00:04]} Ne1 {[%emt 0:00:55]} 55. Rd1 {[%emt 0:00:18]} f6 {[%emt 0:00:08]} 56. g6 {[%emt 0:00:08]} Kd6 {[%emt 0:00:05]} 57. Ba2 {[%emt 0:00:18]} Ng2+ {[%emt 0:00:28]} 58. Kg4 {[%emt 0:00:01]} Ke5 {[%emt 0:00:11]} 59. Bc4 {[%emt 0:00:07]} Ne1 {[%emt 0:00:09]} 60. Rd2 {[%emt 0:00:08]} Re2 {[%emt 0:00:43]} 61. Rxe2+ {[%emt 0:00:07]} dxe2 {[%emt 0:00:01]} 62. Bxe2 {[%emt 0:00:00]} d3 {[%emt 0:00:04]} 63. Bd1 {[%emt 0:00:01]} Ke4 {[%emt 0:00:11]} 0-1

[Event "Chess Super League 2021"]
[Site "Online"]
[Date "2021.10.11"]
[Round "1.3"]
[White "Karavade, Eesha"]
[Black "Soumya, Swaminathan"]
[Result "1-0"]
[WhiteElo "2345"]
[BlackElo "2351"]
[Annotator "ChessBase"]
[PlyCount "67"]
[EventDate "2021.10.11"]
[EventType "team-tourn"]
[EventCountry "NET"]
[SourceTitle "playchess.com"]
[Source "ChessBase"]
[SourceQuality "1"]
[TimeControl "900+10"]

1. d4 {[%emt 0:00:11]} Nf6 {[%emt 0:00:15]} 2. c4 {[%emt 0:00:02]} g6 {[%emt 0:00:06]} 3. Nc3 {[%emt 0:00:02]} Bg7 {[%emt 0:00:01]} 4. e4 {[%emt 0:00:02]} d6 {[%emt 0:00:01]} 5. Nf3 {[%emt 0:00:01]} O-O {[%emt 0:00:02]} 6. Be2 {[%emt 0:00:02]} e5 {[%emt 0:00:03]} 7. Be3 {[%emt 0:00:02]} exd4 {[%emt 0:00:23]} 8. Nxd4 {[%emt 0:00:04]} Re8 {[%emt 0:00:02]} 9. f3 {[%emt 0:00:03]} c6 {[%emt 0:00:04]} 10. Bf2 {[%emt 0:00:03]} d5 {[%emt 0:00:04]} 11. exd5 {[%emt 0:00:02]} cxd5 {[%emt 0:00:31]} 12. O-O {[%emt 0:00:02]} Nc6 {[%emt 0:00:23]} 13. c5 {[%emt 0:00:05]} Nh5 {[%emt 0:00:06]} 14. Qd2 {[%emt 0:00:02]} Be5 {[%emt 0:00:03]} 15. g3 {[%emt 0:00:01]} Ng7 {[%emt 0:00:24]} 16. Rfd1 {[%emt 0:00:53]} Bf5 {[%emt 0:00:56]} 17. Bb5 {[%emt 0:02:54]} Bxd4 {[%emt 0:03:08]} 18. Bxd4 {[%emt 0:00:04]} Ne6 {[%emt 0:00:05]} 19. Bf2 {[%emt 0:01:29]} Ng5 {[%emt 0:02:20]} 20. Qxd5 {[%emt 0:01:11]} Qf6 {[%emt 0:03:38]} 21. h4 {[%emt 0:04:21]} Nh3+ {[%emt 0:01:53]} 22. Kg2 {[%emt 0:00:03]} Rad8 {[%emt 0:00:36]} 23. Qc4 {[%emt 0:00:21]} Ne5 {[%emt 0:02:26]} 24. Rxd8 {[%emt 0:00:04]} Rxd8 {[%emt 0:00:57]} 25. Qe2 {[%emt 0:00:04]} Nxf2 {[%emt 0:00:18]} 26. Qxf2 {[%emt 0:00:24]} a6 {[%emt 0:00:25]} 27. Bf1 {[%emt 0:00:42]} Nd3 {[%emt 0:00:04]} 28. Bxd3 {[%emt 0:00:14]} Rxd3 {[%emt 0:00:04]} 29. Rd1 {[%emt 0:00:14]} Rxd1 {[%emt 0:00:18]} 30. Nxd1 {[%emt 0:00:02]} Be6 {[%emt 0:00:02]} 31. Nc3 {[%emt 0:00:05]} Qf5 {[%emt 0:00:02]} 32. Ne4 {[%emt 0:00:53]} Bxa2 {[%emt 0:00:19]} 33. Qd4 {[%emt 0:00:12]} Be6 {[%emt 0:00:24]} 34. g4 {[%emt 0:00:17]} 1-0

[Event "Chess Super League 2021"]
[Site "Online"]
[Date "2021.10.11"]
[Round "1.3"]
[White "Tarini Goyal"]
[Black "Arpita, Mukherjee"]
[Result "1/2-1/2"]
[WhiteElo "2164"]
[BlackElo "2229"]
[Annotator "ChessBase"]
[PlyCount "100"]
[EventDate "2021.10.11"]
[EventType "team-tourn"]
[EventCountry "NET"]
[SourceTitle "playchess.com"]
[Source "ChessBase"]
[SourceQuality "1"]
[TimeControl "900+10"]

1. d4 {[%emt 0:00:13]} Nf6 {[%emt 0:00:15]} 2. Nf3 {[%emt 0:00:01]} c5 {[%emt 0:00:06]} 3. g3 {[%emt 0:00:07]} cxd4 {[%emt 0:00:18]} 4. Nxd4 {[%emt 0:00:03]} e5 {[%emt 0:00:16]} 5. Nb3 {[%emt 0:01:04]} d5 {[%emt 0:00:07]} 6. Bg2 {[%emt 0:00:03]} Be7 {[%emt 0:00:11]} 7. O-O {[%emt 0:00:04]} h6 {[%emt 0:00:17]} 8. c4 {[%emt 0:00:40]} d4 {[%emt 0:00:59]} 9. e3 {[%emt 0:01:55]} d3 {[%emt 0:02:08]} 10. Nc3 {[%emt 0:00:15]} Bg4 {[%emt 0:00:30]} 11. Qd2 {[%emt 0:02:49]} Nc6 {[%emt 0:00:03]} 12. e4 {[%emt 0:02:44]} Bb4 {[%emt 0:01:51]} 13. a3 {[%emt 0:00:28]} Bxc3 {[%emt 0:00:02]} 14. Qxc3 {[%emt 0:00:52]} Be2 {[%emt 0:00:07]} 15. Re1 {[%emt 0:00:03]} Rc8 {[%emt 0:00:40]} 16. h3 {[%emt 0:00:51]} O-O {[%emt 0:03:41]} 17. Be3 {[%emt 0:00:11]} a5 {[%emt 0:00:31]} 18. Qd2 {[%emt 0:02:37]} a4 {[%emt 0:00:39]} 19. Nc1 {[%emt 0:01:19]} Na5 {[%emt 0:00:02]} 20. c5 {[%emt 0:00:24]} Nc4 {[%emt 0:00:22]} 21. Qc3 {[%emt 0:00:05]} Nxe3 {[%emt 0:00:17]} 22. fxe3 {[%emt 0:00:44]} d2 {[%emt 0:00:02]} 23. Nxe2 {[%emt 0:00:01]} dxe1=Q+ {[%emt 0:00:01]} 24. Rxe1 {[%emt 0:00:01]} Qe7 {[%emt 0:00:14]} 25. Rc1 {[%emt 0:00:03]} Nd7 {[%emt 0:00:03]} 26. Qb4 {[%emt 0:00:09]} Rxc5 {[%emt 0:00:08]} 27. Rd1 {[%emt 0:00:04]} Nf6 {[%emt 0:01:06]} 28. Nc3 {[%emt 0:00:07]} Qc7 {[%emt 0:00:20]} 29. Qxa4 {[%emt 0:00:26]} Rd8 {[%emt 0:00:19]} 30. Rxd8+ {[%emt 0:00:13]} Qxd8 {[%emt 0:00:00]} 31. Kh2 {[%emt 0:00:35]} Kh7 {[%emt 0:00:38]} 32. Qb4 {[%emt 0:00:07]} Rc7 {[%emt 0:00:06]} 33. Nd5 {[%emt 0:00:02]} Rc2 {[%emt 0:01:37]} 34. Qxb7 {[%emt 0:00:21]} Nxd5 {[%emt 0:00:02]} 35. exd5 {[%emt 0:00:04]} Qf6 {[%emt 0:00:04]} 36. d6 {[%emt 0:00:26]} Qxd6 {[%emt 0:01:01]} 37. b4 {[%emt 0:00:24]} Qf6 {[%emt 0:01:18]} 38. g4 {[%emt 0:00:20]} g6 {[%emt 0:00:15]} 39. Qe4 {[%emt 0:00:08]} Qf2 {[%emt 0:00:06]} 40. a4 {[%emt 0:00:04]} Rc3 {[%emt 0:00:20]} 41. Qf3 {[%emt 0:00:04]} Qa2 {[%emt 0:00:12]} 42. a5 {[%emt 0:00:05]} Kg7 {[%emt 0:00:04]} 43. Qe4 {[%emt 0:00:07]} Qe6 {[%emt 0:00:25]} 44. b5 {[%emt 0:00:02]} Rc5 {[%emt 0:00:06]} 45. a6 {[%emt 0:00:04]} Qb6 {[%emt 0:00:04]} 46. Qb7 {[%emt 0:00:06]} Qd6 {[%emt 0:00:17]} 47. Qe4 {[%emt 0:00:15]} Qc7 {[%emt 0:00:22]} 48. Qb7 {[%emt 0:00:03]} Qd6 {[%emt 0:00:03]} 49. Qe4 {[%emt 0:00:12]} Qb6 {[%emt 0:00:20]} 50. Qb7 {[%emt 0:00:12]} Qd6 {[%emt 0:00:02]} 1/2-1/2

[Event "Chess Super League 2021"]
[Site "Online"]
[Date "2021.10.12"]
[Round "2.1"]
[White "Vidit, Santosh Gujrathi"]
[Black "Karjakin, Sergey"]
[Result "1/2-1/2"]
[WhiteElo "2727"]
[BlackElo "2743"]
[Annotator "TA"]
[PlyCount "44"]
[EventDate "2021.10.11"]
[EventType "team-tourn"]
[EventCountry "NET"]
[SourceTitle "playchess.com"]
[Source "ChessBase"]
[SourceQuality "1"]

{[%evp 21,44,4,8,3,2,6,15,4,11,2,28,20,28,0,0,0,0,0,0,0,0,0,0,0,0]} 1. d4 Nf6 2. c4 e6 3. Nf3 d5 4. g3 Be7 5. Bg2 O-O 6. O-O dxc4 7. Qc2 a6 8. a4 Bd7 9. Qxc4 Bc6 10. Bg5 Nbd7 11. Nc3 h6 12. Bxf6 {E05: Open Catalan: 5 Nf3 Be7.} Nxf6 13. Rfd1 $1 {[%mdl 4] now scores much better than the old 13.b4.} Qd6 14. e3 Rfd8 {[#]} 15. Qe2 $146 ({Predecessor:} 15. a5 Rac8 16. Qe2 Bxf3 17. Bxf3 c6 18. Ra4 g6 19. Rc4 Qc7 20. b4 Nd5 21. Qb2 Nxc3 22. Qxc3 {½-½ (34) Giri,A (2776)-Grischuk,A (2778) Zagreb 2021}) 15... Qb4 16. a5 Rac8 17. e4 Bf8 {The position is equal.} 18. h4 Rb8 19. Rd2 Ra8 20. Rdd1 Rab8 21. Rd2 Ra8 22. Rdd1 Rab8 {A rather calm draw.  Weighted Error Value: White=0.04/Black=0.04} 1/2-1/2

[Event "Chess Super League 2021"]
[Site "Online"]
[Date "2021.10.12"]
[Round "2.1"]
[White "Hou, Yifan"]
[Black "Kosteniuk, Alexandra"]
[Result "1-0"]
[WhiteElo "2658"]
[BlackElo "2518"]
[Annotator "TA"]
[PlyCount "101"]
[EventDate "2021.10.11"]
[EventType "team-tourn"]
[EventCountry "NET"]
[SourceTitle "playchess.com"]
[Source "ChessBase"]
[SourceQuality "1"]

{[%evp 9,101,13,17,0,14,10,0,9,7,10,11,0,27,0,0,0,21,13,20,11,74,29,27,43,113,115,110,114,106,89,338,297,284,291,359,359,361,356,377,305,300,308,307,284,353,335,322,299,344,294,294,266,339,277,285,269,387,377,493,521,505,509,495,510,473,339,311,285,363,365,407,352,361,342,333,192,179,219,671,707,1014,978,864,990,902,833,1568,1509,12838,12838,12835,2942,12845,12845]} 1. e4 c5 2. Nf3 e6 3. Nc3 Nc6 4. Bb5 Nd4 5. Bd3 Ne7 6. b3 {B30: Sicilian: 2...Nc6 3 Bb5, lines without ...g6.} Nec6 7. Bb2 a6 8. Nxd4 {The position is equal.} cxd4 9. Ne2 Bc5 10. O-O {[#]} b5 $146 ({Predecessor:} 10... O-O 11. f4 d5 12. Kh1 e5 13. f5 Nb4 14. Ng3 Nxd3 15. cxd3 f6 16. Qf3 b6 {0-1 (34) Grischuk,A (2764)-Morozevich,A (2748) Beijing 2012}) 11. c3 dxc3 12. dxc3 Bb7 13. c4 bxc4 14. Bxc4 Qg5 (14... O-O $11 {remains equal.}) 15. Qc1 (15. Rc1 {looks sharper.} Rc8 16. Ng3 O-O 17. Qxd7 Ba8 18. Qd1) 15... Qxc1 16. Raxc1 Ne7 {[#]} ({Better is} 16... O-O $14) 17. Bxe6 $1 $16 {[%mdl 512]} Bxf2+ (17... fxe6 18. Rxc5) 18. Rxf2 fxe6 19. Ng3 {Black must now prevent Nh5.} Bc6 $2 {A mistake that costs the game.} (19... Rf8 $16) 20. Bxg7 Rg8 21. Nh5 O-O-O 22. Rf7 Ng6 23. Nf6 $1 {[%csl LRg8,LRh7]} Nf4 {Hoping for ...Ne2+.} 24. Rxc6+ dxc6 25. Nxg8 Rxg8 $18 {[%mdl 4096] Endgame KRB-KRN} 26. Kf2 Ng6 27. Ke3 Rd8 28. Bd4 e5 29. Bb6 Rd7 30. Rf6 Rd1 31. Ba5 ({Resist} 31. Rxc6+ $6 Kb7 $18) 31... Kd7 32. Rf7+ Kd6 (32... Ke6 {might work better.} 33. Rxh7 Ra1) 33. Rxh7 {Rh6 is the strong threat.} Kc5 34. g3 Nf8 35. Rh5 Nd7 36. Bc3 Kd6 37. Rf5 Rc1 38. Bb4+ c5 39. Bd2 Rc2 40. h4 Rxa2 41. h5 Rb2 42. h6 (42. Rg5 $142) 42... Rxb3+ {[#]} 43. Kf2 $1 {aiming for g4.} ({Don't play} 43. Ke2 $6 Rxg3 44. Rh5 Rg8 $11) 43... Rb8 $2 (43... Ke6) 44. g4 {White is clearly winning.} Nf8 45. Bc3 Ke7 46. Bxe5 Rc8 47. Bg7 Ng6 48. h7 c4 49. Rg5 Nh8 50. Bc3 Kf7 51. Rg7+ {Weighted Error Value: White=0.20/Black=0.46} 1-0

[Event "Chess Super League 2021"]
[Site "Online"]
[Date "2021.10.12"]
[Round "2.1"]
[White "Koneru, Humpy"]
[Black "Wang, Hao"]
[Result "0-1"]
[WhiteElo "2586"]
[BlackElo "2744"]
[Annotator "TA"]
[PlyCount "120"]
[EventDate "2021.10.11"]
[EventType "team-tourn"]
[EventCountry "NET"]
[SourceTitle "playchess.com"]
[Source "ChessBase"]
[SourceQuality "1"]

{[%evp 11,120,10,20,15,22,0,10,0,0,0,25,22,23,26,14,17,22,20,20,28,33,32,35,20,20,17,16,15,15,15,23,16,16,10,10,-3,-4,-3,0,-28,-29,-31,-28,-34,-21,-38,-31,-51,-33,-51,-29,-36,-8,-8,-8,-8,-8,-8,-8,-8,-8,-10,-8,-8,-8,-8,-15,-34,-42,-80,0,0,0,-8,0,0,0,0,0,0,0,0,0,0,0,0,0,0,0,0,0,0,0,0,0,0,0,0,0,0,0,0,0,0,0,-29966,-4618,-29984,-29985,-29983,-29984]} 1. Nf3 d5 2. d4 Nf6 3. c4 e6 4. Nc3 Be7 5. Bf4 O-O 6. e3 Nbd7 7. a3 {D37: Queen's Gambit Declined: 5 Bf4.} c5 8. dxc5 Nxc5 9. cxd5 {The position is equal.} Nxd5 10. Nxd5 exd5 11. Be2 Bf6 12. Be5 Bxe5 13. Nxe5 Bf5 14. O-O {14.Nf3 is the modern continuation.} Rc8 $5 {[%mdl 4] Exploring less charted territory.} 15. Nf3 Be4 16. Rc1 Qf6 17. Nd4 Ne6 {[#]} 18. Qd2 $146 ({Predecessor:} 18. Nxe6 fxe6 19. f3 Bg6 20. Qd4 Qxd4 21. exd4 Kf7 22. Kf2 Ke7 23. Ke3 {½-½ (22) Vitiugov,N (2725)-Le,Q (2697) Baku 2015}) 18... Nxd4 19. Qxd4 Qxd4 20. exd4 g5 21. f3 Bc2 22. Rfe1 Kg7 23. Bd1 Bxd1 24. Rexd1 $11 {[%mdl 4096] Endgame KRR-KRR} Kf6 25. Re1 Rfe8 26. Kf2 Rxe1 27. Rxc8 $15 {KR-KR} Rb1 28. Rc2 h5 29. g3 b6 30. Ke3 Kf5 31. h3 Re1+ 32. Kf2 $1 {[%cal Rf2e1]} Rh1 {[#] ...Rh2+ is the strong threat.} 33. Rc7 f6 34. Rxa7 Rh2+ 35. Kg1 Rxb2 36. Rd7 $1 h4 37. gxh4 gxh4 38. Rxd5+ Kf4 {Hoping for ...Kg3.} 39. Rh5 Kg3 {[%cal Rb2b1]} 40. Kf1 Rf2+ ({Better is} 40... Kxh3 $17 41. Rh6 f5) 41. Ke1 $11 Rxf3 42. d5 f5 ({Much less strong is} 42... Rxa3 43. Rf5 $17) 43. d6 Re3+ 44. Kf1 Re5 ({Don't take} 44... Rd3 45. Rh6 $17) (44... Rxa3 {keeps more tension.} 45. Rxf5 Rd3 46. Rf6 Rd5 47. Ke2 Kxh3 48. d7 Rxd7 49. Rxb6 Rg7) 45. d7 Rd5 46. Ke2 Rxd7 (46... Kxh3 {seems wilder.} 47. Rxf5 Rxd7 48. Rg5 Rc7 49. a4 Rc2+) 47. Rxf5 Kxh3 48. Rb5 Rd6 49. Kf2 Kh2 50. a4 Rf6+ 51. Ke3 h3 {And now ...Kg3 would win.} 52. Rg5 Kh1 {White must now prevent ...h2.} 53. Rg4 h2 {aiming for ...Rf1.} 54. Ke2 Rf5 {Strongly threatening ...Rf6.} 55. Ke1 $1 Rc5 {Threatens to win with ...Rf5.} 56. Kf2 Rc2+ 57. Kf1 Ra2 ({Don't play} 57... Rc1+ 58. Kf2 $17) 58. Rg6 $2 {[%mdl 8192] [#]} (58. Rb4 $11) 58... Rxa4 59. Rxb6 Rf4+ 60. Ke2 Kg2 {Weighted Error Value: White=0.27/Black=0.04} 0-1

[Event "Chess Super League 2021"]
[Site "Online"]
[Date "2021.10.12"]
[Round "2.1"]
[White "Iniyan, P."]
[Black "Sadhwani, Raunak"]
[Result "0-1"]
[WhiteElo "2529"]
[BlackElo "2609"]
[Annotator "TA"]
[PlyCount "104"]
[EventDate "2021.10.11"]
[EventType "team-tourn"]
[EventCountry "NET"]
[SourceTitle "playchess.com"]
[Source "ChessBase"]
[SourceQuality "1"]

{[%evp 10,104,0,-1,0,0,0,0,0,0,0,-16,-13,-8,-16,-16,-33,-71,-73,-68,-58,-104,-72,-95,-95,-69,0,0,0,0,0,0,0,0,0,-78,-77,-76,-78,-109,-60,-56,-59,-59,-59,-78,-78,-78,-83,-89,-87,-81,-81,-81,-81,-79,-79,-85,-86,-91,-89,-80,-90,-88,-80,-80,-82,-106,-105,-113,-118,-114,-114,-116,-73,-143,-145,-145,-136,-129,-133,-180,-179,-233,-233,-228,-230,-398,-387,-832,-817,-1460,-1264,-1789,-1768,-2013,-1664]} 1. d4 Nf6 2. c4 e6 3. Nf3 d5 4. Bg5 dxc4 5. Qa4+ Nbd7 6. e4 c6 {D30: Queen's Gambit Declined: Systems without Nc3.} 7. Qxc4 h6 8. Bxf6 Nxf6 {The position is equal.} 9. Bd3 {[#]} Qb6 $146 ({Predecessor:} 9... Qa5+ 10. Nbd2 Bb4 11. Rd1 e5 12. O-O Be6 13. Qc2 Bxd2 14. Rxd2 Nd7 15. dxe5 Nxe5 16. Nxe5 Qxe5 {½-½ (26) Andreikin,D (2726)-Nakamura,H (2736) chess.com INT 2020}) 10. Nc3 Qxb2 11. Rb1 Qa3 12. O-O Be7 13. Na4 {next Rb3 is good for White.} O-O {aiming for ...b5.} 14. Qc2 b5 15. Nc3 Bb7 16. e5 {[#]} Nd7 17. Nd2 a6 (17... Rab8 $15) 18. Nc4 $11 bxc4 19. Bh7+ Kh8 20. Rxb7 Rfd8 21. Be4 Rab8 $1 $36 {[%cal Rb8b7][%mdl 2048] Black has the initiative.} 22. Nb1 Qa5 $17 23. Rxb8 Nxb8 24. Qxc4 Qb4 25. Qxb4 Bxb4 26. Rd1 {[#]} Bc5 $1 27. Kf1 (27. Rd3 Rxd4) 27... Rxd4 28. Rxd4 Bxd4 {[%mdl 4096] Endgame KBN-KBN} 29. f4 {[#]} g5 $1 30. g3 gxf4 31. gxf4 Be3 32. f5 Bf4 33. fxe6 fxe6 34. h3 Bxe5 35. Nd2 Kg7 36. Ke2 Kf6 37. Nc4 Bc7 38. Kf3 c5 39. Bb7 a5 40. Ke4 Nd7 41. Bc6 Ke7 (41... Nf8 {is interesting.} 42. Nd2 Ng6 43. Bb5 Nf4 44. Bf1 Kg6) 42. Ne3 ({White should play} 42. Kd3) 42... Nf6+ 43. Kd3 Kd6 44. Bb7 Nd5 45. Nc4+ Ke7 46. Ke4 (46. Nd2 $142) 46... Nc3+ $19 {[%mdl 64] Double Attack} 47. Kf3 Nxa2 48. Kg4 $2 (48. Bc6) 48... a4 {[%cal Ba5a4,Ba4a3][%mdl 32]} 49. Kh5 $2 (49. Kf3) 49... Bf4 {Black is clearly winning.} 50. Bc6 Nc3 51. Kg4 Bc1 52. Kh5 a3 {Weighted Error Value: White=0.51/Black=0.05} 0-1

[Event "Chess Super League 2021"]
[Site "Online"]
[Date "2021.10.12"]
[Round "2.1"]
[White "Karavade, Eesha"]
[Black "Tania, Sachdev"]
[Result "1/2-1/2"]
[WhiteElo "2345"]
[BlackElo "2392"]
[Annotator "NA"]
[PlyCount "64"]
[EventDate "2021.10.11"]
[EventType "team-tourn"]
[EventCountry "NET"]
[SourceTitle "playchess.com"]
[Source "ChessBase"]
[SourceQuality "1"]
[TimeControl "900+10"]

1. d4 {[%emt 0:00:10]} Nf6 {[%emt 0:00:12]} 2. c4 {[%emt 0:00:02]} e6 {[%emt 0:00:03]} 3. Nf3 {[%emt 0:00:02]} b6 {[%emt 0:00:42]} 4. g3 {[%emt 0:00:20]} Bb7 {[%emt 0:00:01]} 5. Bg2 {[%emt 0:00:02]} Be7 {[%emt 0:00:01]} 6. O-O {[%emt 0:00:04]} O-O {[%emt 0:00:04]} 7. Nc3 {[%emt 0:00:04]} Ne4 {[%emt 0:00:13]} 8. Bd2 {[%emt 0:00:27]} f5 {[%emt 0:00:07]} 9. Ne5 {[%emt 0:00:16]} Nxc3 {[%emt 0:00:32]} 10. Bxc3 {[%emt 0:00:02]} Bxg2 {[%emt 0:00:10]} 11. Kxg2 {[%emt 0:00:02]} d6 {[%emt 0:00:40]} 12. Nd3 {[%emt 0:00:39]} Bf6 {[%emt 0:00:30]} 13. Re1 {[%emt 0:03:23]} Qd7 {[%emt 0:02:48]} 14. Nf4 {[%emt 0:01:52]} Nc6 {[%emt 0:04:55]} 15. Nh5 $11 {[%emt 0:02:43]} d5 {[%emt 0:00:58]} 16. Qd3 {[%emt 0:00:45]} dxc4 {[%emt 0:01:23]} 17. Qxc4 {[%emt 0:00:56]} Qd5+ {[%emt 0:00:02]} 18. Qxd5 {[%emt 0:00:03]} exd5 {[%emt 0:00:00]} 19. Nxf6+ {[%emt 0:00:02]} Rxf6 {[%emt 0:00:03]} 20. Rac1 {[%emt 0:00:01]} Rf7 {[%emt 0:00:23]} 21. e3 {[%emt 0:00:27]} a5 {[%emt 0:00:51]} 22. Re2 {[%emt 0:01:00]} g5 {[%emt 0:00:56]} 23. Be1 {[%emt 0:00:39]} Nd8 {[%emt 0:00:11]} 24. Rec2 {[%emt 0:00:34]} Ne6 {[%emt 0:00:12]} 25. f4 {[%emt 0:00:29]} g4 {[%emt 0:00:16]} 26. Rc6 {[%emt 0:00:12]} Re8 {[%emt 0:00:05]} 27. Bf2 {[%emt 0:00:19]} Ree7 {[%emt 0:00:15]} 28. b3 {[%emt 0:00:10]} Nd8 {[%emt 0:00:03]} 29. R6c2 {[%emt 0:00:13]} Nb7 {[%emt 0:00:10]} 30. Rc6 {[%emt 0:00:16]} Nd8 {[%emt 0:00:04]} 31. R6c2 {[%emt 0:00:02]} Nb7 {[%emt 0:00:01]} 32. Rc6 {[%emt 0:00:02]} Nd8 {[%emt 0:00:05]} 1/2-1/2